00321nam a22000977a 4500008004100000082002100041245008800062260004700150300000900197440001700206230704b xxu||||| |||| 00| 0 eng d a349.43bISC 1983 aLaw and StatebA Biannual Collection of Recent German Contributions to These Fields aGermanybFederal Republic of Germanyc1983 a135p v28x03416151